[Event "23rd EUR-ch"]
[Site "Vrnjacka Banja SRB"]
[Date "2023.03.13"]
[Round "11.39"]
[White "Kadric, Denis"]
[Black "Levin, Guy"]
[Result "1/2-1/2"]
[WhiteElo "2583"]
[BlackElo "2419"]
[EventDate "2023.03.03"]
[PlyCount "85"]

1.e4 g6 2.d4 Bg7 3.Nc3 a6 4.f4 d6 5.Nf3 b5 6.Bd3 Bb7 7.a4 b4 8.Ne2 Nd7 9.
c3 c5 10.O-O Nh6 11.Ng3 cxd4 12.cxd4 Qb6 13.Bc2 a5 14.h3 d5 15.e5 e6 16.
Be3 Ba6 17.Rf2 O-O-O 18.Bd3 Kb7 19.Bxa6+ Qxa6 20.Rc1 Rc8 21.Rfc2 f6 22.
exf6 Bxf6 23.Ne5 Bxe5 24.fxe5 Nf5 25.Nxf5 exf5 26.Bg5 Qb6 27.Kh1 Rhe8 28.
Qe2 Rxc2 29.Qxc2 Nf8 30.Qb3 Qxd4 31.Be3 Qe4 32.Rc5 Rxe5 33.Rxa5 Qxe3 34.
Qxb4+ Kc7 35.Rc5+ Kd8 36.Qb8+ Ke7 37.Rc7+ Nd7 38.Qc8 f4 39.Qxd7+ Kf6 40.
Qd8+ Kf5 41.Qd7+ Kf6 42.Qd8+ Kf5 43.Qd7+ 1/2-1/2

[Event "23rd EUR-ch"]
[Site "Vrnjacka Banja SRB"]
[Date "2023.03.13"]
[Round "11.40"]
[White "Kukhmazov, Arsen"]
[Black "Lagarde, Maxime"]
[Result "1/2-1/2"]
[WhiteElo "2495"]
[BlackElo "2581"]
[EventDate "2023.03.03"]
[PlyCount "79"]

1.d4 Nf6 2.c4 c6 3.Nf3 d5 4.Nc3 dxc4 5.g3 b5 6.Bg2 Bb7 7.Ne5 a6 8.b3 cxb3 
9.Qxb3 e6 10.O-O Be7 11.Rd1 O-O 12.Bf4 Nd5 13.Ne4 a5 14.Rac1 a4 15.Qb1 b4 
16.Nc5 Ba6 17.Nxa6 Rxa6 18.Bd2 Qb6 19.e4 Nf6 20.Nd3 Qb7 21.Nc5 Bxc5 22.
dxc5 b3 23.axb3 axb3 24.Rc4 Nbd7 25.Rb4 Qa7 26.Rxb3 Nxc5 27.Rb2 h6 28.h3 
e5 29.Be3 Qe7 30.Rb6 Rxb6 31.Qxb6 Ne6 32.Qxc6 Rd8 33.Ra1 Nd4 34.Qc4 Qb7 
35.Rd1 Rc8 36.Qf1 Nc2 37.Bc1 Nd4 38.Be3 Nc2 39.Bc1 Nd4 40.Be3 1/2-1/2

[Event "23rd EUR-ch"]
[Site "Vrnjacka Banja SRB"]
[Date "2023.03.13"]
[Round "11.41"]
[White "Parkhov, Yair"]
[Black "Kobalia, Mikhail"]
[Result "1/2-1/2"]
[WhiteElo "2485"]
[BlackElo "2577"]
[EventDate "2023.03.03"]
[PlyCount "71"]

1.d4 d5 2.c4 c6 3.Nf3 Nf6 4.e3 Bf5 5.Nc3 e6 6.Nh4 Be4 7.f3 Bg6 8.Bd2 Be7 
9.Nxg6 hxg6 10.Qc2 Nbd7 11.O-O-O a6 12.Kb1 dxc4 13.Bxc4 c5 14.dxc5 Nxc5 
15.e4 Qc7 16.Be3 Rc8 17.Rc1 Qb8 18.Be2 b5 19.Bxc5 Rxc5 20.Qb3 O-O 21.a4 
bxa4 22.Qxb8 Rxb8 23.Nxa4 Ra5 24.Rc4 Bd6 25.Rhc1 Kh7 26.Nc5 g5 27.Nd3 Rab5
28.Rc6 Ba3 29.R1c2 a5 30.Rc7 R5b7 31.Ka2 Be7 32.Rxb7 Rxb7 33.Ne5 Bd6 34.
Nc6 Nd7 35.Nd8 Rc7 36.Rxc7 1/2-1/2

[Event "23rd EUR-ch"]
[Site "Vrnjacka Banja SRB"]
[Date "2023.03.13"]
[Round "11.43"]
[White "Stankovic, Milos"]
[Black "Mchedlishvili, Mikheil"]
[Result "0-1"]
[WhiteElo "2447"]
[BlackElo "2569"]
[EventDate "2023.03.03"]
[PlyCount "66"]

1.e4 c5 2.Nf3 e6 3.d4 cxd4 4.Nxd4 Nc6 5.Nc3 Qc7 6.Be3 a6 7.g4 Nxd4 8.Qxd4 
b5 9.O-O-O Bb7 10.f3 Rc8 11.a3 Bc5 12.Qxc5 Qxc5 13.Bxc5 Rxc5 14.a4 b4 15.
Na2 a5 16.Bb5 Nf6 17.Kb1 h5 18.gxh5 Nxe4 19.Rhg1 Nf6 20.Rxg7 Rhxh5 21.Rd2 
Bxf3 22.Nc1 Be4 23.Rg1 Rh3 24.Rf1 Ke7 25.Re1 b3 26.Bd3 bxc2+ 27.Rxc2 Rxc2 
28.Kxc2 Rxh2+ 29.Kc3 Bc6 30.Nb3 Nd5+ 31.Kd4 Rxb2 32.Nxa5 Bxa4 33.Nc4 Rh2 
0-1

[Event "23rd EUR-ch"]
[Site "Vrnjacka Banja SRB"]
[Date "2023.03.13"]
[Round "11.44"]
[White "Clarke, Brandon"]
[Black "Teclaf, Pawel"]
[Result "1/2-1/2"]
[WhiteElo "2475"]
[BlackElo "2568"]
[EventDate "2023.03.03"]
[PlyCount "32"]

1.e4 e5 2.Nf3 Nc6 3.Nc3 Nf6 4.d4 exd4 5.Nxd4 Bb4 6.Nxc6 bxc6 7.Bd3 d5 8.
Bd2 O-O 9.O-O Bxc3 10.Bxc3 dxe4 11.Bxf6 Qxf6 12.Bxe4 Qxb2 13.Bxc6 Rb8 14.
Rb1 Qxb1 15.Qxb1 Rxb1 16.Rxb1 Rd8 1/2-1/2

[Event "23rd EUR-ch"]
[Site "Vrnjacka Banja SRB"]
[Date "2023.03.13"]
[Round "11.45"]
[White "Quparadze, Giga"]
[Black "Moussard, Jules"]
[Result "1-0"]
[WhiteElo "2483"]
[BlackElo "2684"]
[EventDate "2023.03.03"]
[PlyCount "143"]

1.e4 c5 2.Nf3 d6 3.d4 cxd4 4.Nxd4 Nf6 5.Nc3 a6 6.h3 e6 7.g4 h6 8.Bg2 Be7 
9.b3 Nc6 10.Bb2 Nxd4 11.Qxd4 e5 12.Qd3 Be6 13.O-O-O O-O 14.Kb1 b5 15.Ne2 
Qc7 16.f4 exf4 17.Nxf4 Rac8 18.Nh5 Nxh5 19.gxh5 f5 20.Rhg1 f4 21.Bf3 Bf6 
22.Rg6 Bxb2 23.Kxb2 Bf7 24.Rxd6 Qc5 25.Rd2 a5 26.Rg2 b4 27.Qd4 Qc3+ 28.
Qxc3 Rxc3 29.Bg4 Re3 30.Ra6 Rxe4 31.Rxa5 Be6 32.Rf2 Re3 33.Ra4 Bxg4 34.
hxg4 Rg3 35.Rxb4 f3 36.Rd4 Rg2 37.Rdd2 Rxg4 38.Rd3 Rgf4 39.a4 Kh7 40.a5 g5
41.hxg6+ Kxg6 42.a6 Kg5 43.Rd7 R4f6 44.a7 Kf4 45.Rf1 h5 46.b4 h4 47.b5 Ke3
48.Rb7 Ra8 49.b6 Ke2 50.Ra1 f2 51.Rb8 f1=Q 52.Rxf1 Rxb6+ 53.Rxb6 Kxf1 54.
Rh6 Rxa7 55.Rxh4 Ke2 56.Rd4 Ke3 57.c3 Rb7+ 58.Kc2 Rh7 59.Rg4 Kf3 60.Rd4 
Ke3 61.Kb3 Rb7+ 62.Rb4 Rh7 63.Rb5 Rd7 64.c4 Kd4 65.Kb4 Rd8 66.Rb6 Ke5 67.
Kb5 Rc8 68.c5 Kd5 69.Rd6+ Ke5 70.Rd1 Ke6 71.Kb6 Rb8+ 72.Kc7 1-0

[Event "23rd EUR-ch"]
[Site "Vrnjacka Banja SRB"]
[Date "2023.03.13"]
[Round "11.46"]
[White "Ioannidis, Evgenios"]
[Black "Naer, Evgeny"]
[Result "0-1"]
[WhiteElo "2473"]
[BlackElo "2666"]
[EventDate "2023.03.03"]
[PlyCount "70"]

1.d4 d5 2.c4 c6 3.Nf3 Nf6 4.Nc3 e6 5.Bg5 h6 6.Bxf6 Qxf6 7.e3 g6 8.Ne5 Bg7 
9.f4 O-O 10.Qc2 c5 11.g3 cxd4 12.exd4 Nc6 13.O-O-O dxc4 14.Bxc4 Rd8 15.Qf2
Bd7 16.Nxd7 Rxd7 17.d5 Na5 18.Bb5 Rc7 19.Rd3 a6 20.Ba4 b5 21.d6 Rc6 22.Bc2
b4 23.Na4 Rac8 24.d7 Rxc2+ 25.Kb1 Rxf2 26.dxc8=Q+ Kh7 27.Qc1 Qf5 28.Rd1 
Rxh2 29.Rd2 Nc4 30.Rxh2 Qxd3+ 31.Ka1 Qxg3 32.Rc2 Ne3 33.Rc8 Qxf4 34.Nc5 a5
35.Nd7 h5 0-1

[Event "23rd EUR-ch"]
[Site "Vrnjacka Banja SRB"]
[Date "2023.03.13"]
[Round "11.47"]
[White "Samadov, Read"]
[Black "Rodshtein, Maxim"]
[Result "1/2-1/2"]
[WhiteElo "2471"]
[BlackElo "2622"]
[EventDate "2023.03.03"]
[PlyCount "68"]

1.d4 Nf6 2.c4 e6 3.Nc3 Bb4 4.Qc2 d5 5.a3 Bxc3+ 6.Qxc3 O-O 7.Bg5 dxc4 8.
Qxc4 b6 9.Rd1 Ba6 10.Qc1 h6 11.Bh4 Nbd7 12.Nf3 c5 13.dxc5 Qe7 14.c6 Rac8 
15.Nd4 Ne5 16.e3 Bxf1 17.Rxf1 Qc5 18.Qxc5 bxc5 19.Nf3 Nxf3+ 20.gxf3 g5 21.
Bg3 Rxc6 22.Ke2 c4 23.Rd2 Rfc8 24.Rc1 Nd5 25.Rdc2 f6 26.e4 Nb6 27.f4 a5 
28.b4 axb4 29.axb4 c3 30.fxg5 hxg5 31.f3 Rc4 32.Rb1 Kf7 33.b5 f5 34.Bf2 
Rb8 1/2-1/2

[Event "23rd EUR-ch"]
[Site "Vrnjacka Banja SRB"]
[Date "2023.03.13"]
[Round "11.48"]
[White "Socko, Bartosz"]
[Black "Kaasen, Tor Fredrik"]
[Result "1/2-1/2"]
[WhiteElo "2618"]
[BlackElo "2464"]
[EventDate "2023.03.03"]
[PlyCount "77"]

1.d4 Nf6 2.Nf3 g6 3.c4 Bg7 4.g3 c6 5.Bg2 d5 6.O-O O-O 7.Ne5 Ng4 8.cxd5 
cxd5 9.Nxg4 Bxg4 10.Nc3 Nc6 11.h3 Bc8 12.Nxd5 e6 13.Nc3 Nxd4 14.Ne4 Qb6 
15.e3 Nc6 16.Rb1 Rd8 17.Qe2 Bd7 18.Bd2 Ne5 19.Nc3 Bc6 20.e4 Rd7 21.b4 Nc4 
22.Bc1 Rd4 23.Qc2 Rc8 24.Rd1 Bd7 25.Qb3 Na3 26.Be3 Nxb1 27.Rxb1 Qa6 28.Bf1
Qc6 29.Bxd4 Bxd4 30.Nb5 Bb6 31.Rd1 a6 32.Nd6 Qc2 33.Qf3 Rf8 34.Qe2 Qxe2 
35.Bxe2 Bc6 36.b5 axb5 37.Bxb5 Bxb5 38.Nxb5 Ra8 39.Rd2 1/2-1/2

[Event "23rd EUR-ch"]
[Site "Vrnjacka Banja SRB"]
[Date "2023.03.13"]
[Round "11.49"]
[White "Can, Emre"]
[Black "Ghimpu, Samuel-Timotei"]
[Result "1-0"]
[WhiteElo "2600"]
[BlackElo "2459"]
[EventDate "2023.03.03"]
[PlyCount "63"]

1.d4 Nf6 2.c4 e6 3.Nc3 Bb4 4.Nf3 O-O 5.Bg5 c5 6.Rc1 h6 7.Bh4 cxd4 8.Nxd4 
Nc6 9.e3 Ne5 10.Bg3 d6 11.f3 Nc6 12.a3 Bc5 13.b4 Bxd4 14.exd4 e5 15.d5 Nd4
16.Bh4 a5 17.Bd3 axb4 18.axb4 Qb6 19.Bxf6 gxf6 20.Qd2 Kg7 21.Qf2 Qxb4 22.
O-O f5 23.f4 f6 24.fxe5 fxe5 25.Ne4 Qb6 26.Qg3+ Kh7 27.c5 dxc5 28.Qxe5 Ra5
29.Qe7+ Kg8 30.Bc4 Qg6 31.Rc3 f4 32.Rg3 1-0

[Event "23rd EUR-ch"]
[Site "Vrnjacka Banja SRB"]
[Date "2023.03.13"]
[Round "11.50"]
[White "Stefansson, Vignir Vatnar"]
[Black "Sanal, Vahap"]
[Result "0-1"]
[WhiteElo "2461"]
[BlackElo "2590"]
[EventDate "2023.03.03"]
[PlyCount "222"]

1.d4 d5 2.c4 c6 3.cxd5 cxd5 4.Bf4 e6 5.e3 Bd6 6.Bxd6 Qxd6 7.Nc3 Nc6 8.Bd3 
Bd7 9.Rc1 Rc8 10.Nf3 Nf6 11.O-O O-O 12.a3 a6 13.b4 Rc7 14.Qb3 Rfc8 15.Qb2 
e5 16.b5 e4 17.bxc6 Bxc6 18.Bxe4 Nxe4 19.Ne5 Nxc3 20.Rxc3 Bb5 21.Rfc1 f6 
22.Rxc7 Rxc7 23.Nf3 Bc4 24.Nd2 b5 25.Qc3 Ra7 26.Rb1 Qc7 27.f3 f5 28.e4 
fxe4 29.fxe4 Ba2 30.Rc1 Qxc3 31.Rxc3 dxe4 32.Nxe4 Rd7 33.Rc8+ Kf7 34.Ng5+ 
Ke7 35.Nf3 Bd5 36.Ne5 Rb7 37.Nd3 a5 38.Ra8 a4 39.Nc5 Rb6 40.Ra7+ Ke8 41.
Rxg7 b4 42.Nxa4 Ra6 43.axb4 Rxa4 44.Rxh7 Ra1+ 45.Kf2 Ra2+ 46.Ke3 Bxg2 47.
d5 Bxd5 48.Kd4 Bf7 49.Kc5 Rf2 50.Kd6 Kd8 51.Rh4 Rf6+ 52.Ke5 Rb6 53.Rd4+ 
Ke7 54.h4 Be6 55.Kf4 Rb5 56.Re4 Rb8 57.Ke5 Rh8 58.Kd4 Kd6 59.Rf4 Rc8 60.
Kd3 Rc1 61.Rd4+ Bd5 62.Rg4 Rb1 63.h5 Rb3+ 64.Kd2 Rh3 65.b5 Rxh5 66.b6 Kc5 
67.Ke3 Rh6 68.Kf4 Rxb6 69.Rg7 Kd4 70.Re7 Rf6+ 71.Kg5 Rf1 72.Ra7 Ke5 73.Ra5
Rg1+ 74.Kh5 Ke4 75.Kh6 Be6 76.Rg5 Ra1 77.Rg7 Ke5 78.Kg5 Ra8 79.Kh4 Kf6 80.
Rg1 Bf5 81.Kg3 Ke5 82.Rd1 Ra2 83.Kf3 Be4+ 84.Ke3 Ra3+ 85.Kf2 Kf4 86.Rd2 
Ra1 87.Rb2 Rd1 88.Ra2 Bc6 89.Rb2 Rc1 90.Rb4+ Be4 91.Rb2 Bd3 92.Rb4+ Bc4 
93.Rb2 Rh1 94.Rd2 Rf1+ 95.Kg2 Ke3 96.Rd8 Rf6 97.Kg3 Rg6+ 98.Kh4 Ke4 99.
Re8+ Kf4 100.Rf8+ Ke5 101.Rf2 Be6 102.Re2+ Kf6 103.Re4 Bf5 104.Ra4 Ke5 
105.Kh5 Rg1 106.Ra5+ Kf4 107.Ra4+ Be4 108.Kh6 Rg6+ 109.Kh5 Rd6 110.Rb4 Rd2
111.Kh6 Rd7 0-1

[Event "23rd EUR-ch"]
[Site "Vrnjacka Banja SRB"]
[Date "2023.03.13"]
[Round "11.51"]
[White "Sanikidze, Tornike"]
[Black "Moroni, Luca jr"]
[Result "1/2-1/2"]
[WhiteElo "2459"]
[BlackElo "2578"]
[EventDate "2023.03.03"]
[PlyCount "90"]

1.d4 Nf6 2.c4 e6 3.Nc3 Bb4 4.e3 b6 5.Ne2 Bb7 6.a3 Bxc3+ 7.Nxc3 d6 8.d5 O-O
9.Be2 Qe7 10.O-O Nbd7 11.b4 exd5 12.cxd5 Qe5 13.Bb2 Nxd5 14.Nxd5 Qxd5 15.
Qxd5 Bxd5 16.Rac1 c6 17.Bf3 Bxf3 18.gxf3 Rfc8 19.Rfd1 d5 20.e4 Nf8 21.exd5
cxd5 22.Rxd5 Ne6 23.Rxc8+ Rxc8 24.Be5 f6 25.Bg3 Rc3 26.Rd6 Nf8 27.Rd8 Kf7 
28.b5 Ke7 29.Rd4 Rxf3 30.Ra4 Nd7 31.Rxa7 Ke6 32.Bc7 Rc3 33.a4 Rc4 34.h3 h5
35.Kg2 g5 36.Bd8 g4 37.Ra6 Kf7 38.h4 f5 39.Bxb6 Nxb6 40.Rxb6 Rxa4 41.Rh6 
Rb4 42.b6 Kg7 43.Rxh5 Kg6 44.Rg5+ Kf6 45.Rh5 Kg6 1/2-1/2

[Event "23rd EUR-ch"]
[Site "Vrnjacka Banja SRB"]
[Date "2023.03.13"]
[Round "11.52"]
[White "Willow, Jonah"]
[Black "Laurusas, Tomas"]
[Result "1-0"]
[WhiteElo "2459"]
[BlackElo "2571"]
[EventDate "2023.03.03"]
[PlyCount "65"]

1.e4 c5 2.Nf3 e6 3.d4 cxd4 4.Nxd4 a6 5.a3 Nf6 6.Nc3 Qc7 7.f4 d6 8.Be3 b5 
9.g4 Bb7 10.Bg2 Nc6 11.Nxc6 Qxc6 12.Qe2 Rc8 13.g5 Nd7 14.O-O-O Nb6 15.Bd4 
Nc4 16.Nd5 e5 17.Bc3 a5 18.Bh3 Ra8 19.b3 Nxa3 20.fxe5 b4 21.Bb2 Bc8 22.
Bxc8 Rxc8 23.Rd2 dxe5 24.Bxe5 h6 25.Qd3 Nb5 26.Nb6 Na7 27.Nxc8 Qxc8 28.
Rhd1 hxg5 29.Qd8+ Qxd8 30.Rxd8+ Ke7 31.R1d7+ Ke6 32.Rxa7 Kxe5 33.Rxf7 1-0

[Event "23rd EUR-ch"]
[Site "Vrnjacka Banja SRB"]
[Date "2023.03.13"]
[Round "11.53"]
[White "Royal, Shreyas"]
[Black "Van Foreest, Lucas"]
[Result "1/2-1/2"]
[WhiteElo "2452"]
[BlackElo "2570"]
[EventDate "2023.03.03"]
[PlyCount "24"]

1.d4 d5 2.c4 c6 3.Nf3 Nf6 4.Nc3 dxc4 5.a4 Bf5 6.e3 e6 7.Bxc4 Bb4 8.O-O O-O
9.Qe2 Bg6 10.Ne5 Nbd7 11.Nxg6 hxg6 12.Rd1 Qe7 1/2-1/2

[Event "23rd EUR-ch"]
[Site "Vrnjacka Banja SRB"]
[Date "2023.03.13"]
[Round "11.54"]
[White "Livaic, Leon"]
[Black "Soffer, Ram"]
[Result "1-0"]
[WhiteElo "2569"]
[BlackElo "2456"]
[EventDate "2023.03.03"]
[PlyCount "127"]

1.Nf3 Nf6 2.c4 c6 3.Nc3 d5 4.e3 e6 5.b3 Nbd7 6.Bb2 Bd6 7.Rc1 a6 8.d4 O-O 
9.Be2 b6 10.O-O Bb7 11.Qc2 c5 12.cxd5 exd5 13.Rfd1 Qe7 14.Qf5 Rfe8 15.Bd3 
Rac8 16.dxc5 bxc5 17.Ne2 Bb8 18.Ng3 g6 19.Qg5 Bxg3 20.hxg3 Ne4 21.Qxe7 
Rxe7 22.Rc2 Nb6 23.Rdc1 Rec7 24.Bf1 f6 25.g4 Nd7 26.Ne1 Ng5 27.f3 Ne6 28.
Kf2 Kf7 29.Nd3 Bc6 30.Bc3 Bb7 31.Be2 d4 32.Bb2 dxe3+ 33.Kxe3 Nd4 34.Bxd4 
cxd4+ 35.Kd2 Rxc2+ 36.Rxc2 Rxc2+ 37.Kxc2 Ke6 38.b4 Kd6 39.a4 g5 40.a5 Kd5 
41.Kb3 Bc8 42.Bf1 Bb7 43.Be2 Bc8 44.Nf2 Ne5 45.Bf1 Bb7 46.Ne4 Nd7 47.b5 
axb5 48.Kb4 Ke5 49.Bxb5 Nb8 50.Nc5 Ba8 51.Nd3+ Kd5 52.a6 Nc6+ 53.Bxc6+ 
Bxc6 54.a7 Ba8 55.Nf2 Ke5 56.Kc5 Kf4 57.Kxd4 Kg3 58.Ke3 Kxg2 59.Ne4 h6 60.
Nxf6 Kg3 61.Ne4+ Kh3 62.Kf2 Bc6 63.Ng3 Ba8 64.Nf5 1-0

[Event "23rd EUR-ch"]
[Site "Vrnjacka Banja SRB"]
[Date "2023.03.13"]
[Round "11.55"]
[White "Nesterov, Arseny"]
[Black "Loiseau, Quentin"]
[Result "1-0"]
[WhiteElo "2568"]
[BlackElo "2449"]
[EventDate "2023.03.03"]
[PlyCount "149"]

1.c4 Nf6 2.Nf3 c5 3.Nc3 Nc6 4.g3 g6 5.Bg2 Bg7 6.d4 O-O 7.O-O d6 8.d5 Na5 
9.Nd2 a6 10.Rb1 Nd7 11.Qc2 Rb8 12.a4 b5 13.axb5 axb5 14.cxb5 c4 15.Qa4 Nc5
16.Qa2 Bf5 17.e4 Bd7 18.Nxc4 Nab3 19.Be3 Ra8 20.Na3 Qa5 21.Bxc5 Nxc5 22.b4
Qxa3 23.Qxa3 Ra7 24.Qa6 Rxa6 25.bxc5 Ra3 26.Ne2 dxc5 27.Bf3 Ra2 28.b6 Rb8 
29.Rfe1 Rb2 30.Rec1 R8xb6 31.Rxb2 Rxb2 32.Rxc5 Be5 33.Kg2 Bb5 34.Nc3 Bd3 
35.Nd1 Rd2 36.Ra5 Bd4 37.Ra4 Bc2 38.Ra2 h5 39.h4 f6 40.Kg1 Kg7 41.Ne3 Bxe3
42.fxe3 Kf7 43.Rb2 Kf8 44.g4 hxg4 45.Bxg4 Kg7 46.Bf3 Kf8 47.h5 gxh5 48.
Bxh5 Kg7 49.Bf3 Kf8 50.Ra2 Kg7 51.Bg4 Kf8 52.Ra8+ Kf7 53.Ra2 Kf8 54.Bf5 
Rd1+ 55.Kf2 Bd3 56.Ra8+ Kf7 57.Be6+ Kg6 58.Rg8+ Kh6 59.Bf5 Rd2+ 60.Kg3 Bf1
61.Re8 Rg2+ 62.Kf3 Rg7 63.Kf4 Rf7 64.Rg8 Bb5 65.Rg6+ Kh5 66.Rg2 Kh6 67.e5 
fxe5+ 68.Kxe5 Rf6 69.e4 Be8 70.Rh2+ Kg5 71.Be6 Bg6 72.Rg2+ Kh6 73.d6 Rxe6+
74.Kxe6 exd6 75.Rxg6+ 1-0

[Event "23rd EUR-ch"]
[Site "Vrnjacka Banja SRB"]
[Date "2023.03.13"]
[Round "11.56"]
[White "Bosiocic, Marin"]
[Black "Nigalidze, Gaioz"]
[Result "1/2-1/2"]
[WhiteElo "2555"]
[BlackElo "2448"]
[EventDate "2023.03.03"]
[PlyCount "85"]

1.e4 c5 2.Nf3 d6 3.d4 cxd4 4.Nxd4 Nf6 5.Nc3 a6 6.f3 e6 7.Be3 Be7 8.Qd2 Nc6
9.O-O-O Qc7 10.g4 h6 11.h4 Ne5 12.Be2 Nfd7 13.g5 hxg5 14.hxg5 Rxh1 15.Rxh1
Nf8 16.f4 Nc4 17.Bxc4 Qxc4 18.f5 Bd7 19.g6 fxg6 20.fxe6 Bxe6 21.b3 Qb4 22.
Rh8 Bf7 23.Kb2 Bf6 24.Nde2 O-O-O 25.Bg5 Ne6 26.Rxd8+ Nxd8 27.Bxf6 gxf6 28.
Qf4 f5 29.a3 Qc5 30.exf5 gxf5 31.Nd4 Be6 32.Nf3 Kc7 33.Qh4 Nc6 34.Qh7+ Kb8
35.Qh6 Bc8 36.Qf8 b5 37.Ne2 Qd5 38.Nf4 Qxf3 39.Qxd6+ Ka8 40.Nd5 Na7 41.
Nc7+ Kb7 42.Nd5 Ka8 43.Nc7+ 1/2-1/2

[Event "23rd EUR-ch"]
[Site "Vrnjacka Banja SRB"]
[Date "2023.03.13"]
[Round "11.58"]
[White "Zajic, Milan"]
[Black "Stremavicius, Titas"]
[Result "1-0"]
[WhiteElo "2387"]
[BlackElo "2544"]
[EventDate "2023.03.03"]
[PlyCount "83"]

1.e4 g6 2.d4 Bg7 3.Nc3 d6 4.Nf3 Nf6 5.Be3 a6 6.Qd2 b5 7.Bh6 O-O 8.Bd3 Bb7 
9.h4 e5 10.Bxg7 Kxg7 11.dxe5 dxe5 12.O-O-O Qe7 13.h5 Nbd7 14.hxg6 fxg6 15.
Nd5 Bxd5 16.exd5 e4 17.Rde1 Nc5 18.Ng5 Rae8 19.Bxe4 Ncxe4 20.Nxe4 Nxe4 21.
Qh6+ Kf7 22.Qxh7+ Kf6 23.Qh4+ Kf7 24.Qxe7+ Rxe7 25.Rh7+ Ke8 26.Rxe7+ Kxe7 
27.Rxe4+ Kd6 28.f3 Kxd5 29.Rg4 Rf6 30.Kd2 Ke5 31.c4 Rd6+ 32.Kc3 c6 33.c5 
Rf6 34.Kb4 Kd5 35.Rg5+ Kd4 36.Ka5 Kd3 37.Rg4 Kc2 38.b4 Kb2 39.Rd4 Kxa2 40.
Rd6 Rf4 41.Rxc6 Kb3 42.Re6 1-0

[Event "23rd EUR-ch"]
[Site "Vrnjacka Banja SRB"]
[Date "2023.03.13"]
[Round "11.59"]
[White "Boruchovsky, Avital"]
[Black "Wachinger, Nikolas"]
[Result "1/2-1/2"]
[WhiteElo "2536"]
[BlackElo "2440"]
[EventDate "2023.03.03"]
[PlyCount "88"]

1.d4 Nf6 2.c4 e6 3.Nc3 Bb4 4.e3 O-O 5.Bd2 d5 6.Nf3 Nbd7 7.Rc1 Be7 8.Bd3 
dxc4 9.Bxc4 a6 10.a4 c5 11.O-O b6 12.Qe2 Bb7 13.Rfd1 Bd6 14.dxc5 Nxc5 15.
Be1 Qe7 16.Nd4 Rfd8 17.f3 Ncd7 18.Qf1 Ne5 19.Be2 Bc5 20.Bf2 Bxd4 21.exd4 
Nc6 22.d5 Nxd5 23.Nxd5 Rxd5 24.Rxd5 exd5 25.Bxb6 Qb4 26.Bf2 Qxa4 27.Qd1 
Qxd1+ 28.Rxd1 d4 29.Bxd4 Nxd4 30.Rxd4 a5 31.Bb5 Kf8 32.Rd7 Ba6 33.Bc6 Re8 
34.b3 Re6 35.Bd5 Re7 36.Rd8+ Re8 37.Rd6 Bc8 38.Bc6 Ke7 39.Rd5 Be6 40.Rxa5 
Rb8 41.Ra7+ Kf6 42.h4 h5 43.Ra5 g6 44.Kf2 Rxb3 1/2-1/2

[Event "23rd EUR-ch"]
[Site "Vrnjacka Banja SRB"]
[Date "2023.03.13"]
[Round "11.60"]
[White "Shubin, Kirill"]
[Black "Kulaots, Kaido"]
[Result "1-0"]
[WhiteElo "2449"]
[BlackElo "2525"]
[EventDate "2023.03.03"]
[PlyCount "79"]

1.e4 c5 2.Nf3 d6 3.d4 cxd4 4.Nxd4 Nf6 5.Nc3 a6 6.Bg5 e6 7.f4 h6 8.Bh4 Qb6 
9.a3 Be7 10.Bf2 Qc7 11.Qf3 Nbd7 12.O-O-O b5 13.g4 Bb7 14.h4 Nc5 15.Bd3 d5 
16.e5 Nfe4 17.Be1 Qb6 18.f5 Nxd3+ 19.Qxd3 Bc5 20.Ndxb5 Bc6 21.Nd4 Rb8 22.
b4 Bxd4 23.Qxd4 Qxd4 24.Rxd4 Nxc3 25.Bxc3 Bb5 26.Rg1 Rc8 27.Kb2 Rc4 28.
Rxc4 Bxc4 29.a4 g6 30.fxe6 fxe6 31.Bd2 Kf7 32.Rg2 Kg7 33.Rf2 h5 34.gxh5 
gxh5 35.Be3 Rc8 36.Rf6 Rc6 37.c3 Bd3 38.Bd4 Bf5 39.b5 axb5 40.axb5 1-0

[Event "23rd EUR-ch"]
[Site "Vrnjacka Banja SRB"]
[Date "2023.03.13"]
[Round "11.61"]
[White "Stoyanov, Tsvetan"]
[Black "Alsina Leal, Daniel"]
[Result "1/2-1/2"]
[WhiteElo "2446"]
[BlackElo "2522"]
[EventDate "2023.03.03"]
[PlyCount "26"]

1.c4 c5 2.Nf3 Nf6 3.Nc3 d5 4.cxd5 Nxd5 5.e3 e6 6.Nxd5 exd5 7.Bb5+ Bd7 8.
Bxd7+ Qxd7 9.b3 Bd6 10.d4 Nc6 11.dxc5 Bxc5 12.O-O O-O 13.Bb2 Rac8 1/2-1/2

[Event "23rd EUR-ch"]
[Site "Vrnjacka Banja SRB"]
[Date "2023.03.13"]
[Round "11.62"]
[White "Brunello, Sabino"]
[Black "Vetokhin, Savva"]
[Result "1/2-1/2"]
[WhiteElo "2512"]
[BlackElo "2388"]
[EventDate "2023.03.03"]
[PlyCount "75"]

1.d4 Nf6 2.c4 e6 3.Nf3 d5 4.e3 Be7 5.Nc3 O-O 6.b3 c5 7.cxd5 exd5 8.Bb2 b6 
9.Bd3 Nc6 10.Ne2 cxd4 11.Nexd4 Bb4+ 12.Kf1 Nxd4 13.Nxd4 Bd6 14.Nc6 Qd7 15.
Rc1 Bc5 16.Nd4 Qe7 17.b4 Bxd4 18.Bxd4 Be6 19.a3 Ne4 20.Qh5 h6 21.Ke2 Rac8 
22.f3 Nd6 23.g4 f5 24.Rxc8 Bxc8 25.Qg6 Bd7 26.Bxg7 Qxg7 27.Qxd6 fxg4 28.
Qxd5+ Kh8 29.Qd4 Qxd4 30.exd4 Rxf3 31.Rc1 Rh3 32.Rc7 Rxh2+ 33.Ke3 Rh3+ 34.
Ke4 g3 35.Rxd7 g2 36.Rd8+ Kh7 37.Rd7+ Kh8 38.Rd8+ 1/2-1/2

[Event "23rd EUR-ch"]
[Site "Vrnjacka Banja SRB"]
[Date "2023.03.13"]
[Round "11.63"]
[White "Beerdsen, Thomas"]
[Black "Gaehwiler, Gabriel"]
[Result "1-0"]
[WhiteElo "2510"]
[BlackElo "2413"]
[EventDate "2023.03.03"]
[PlyCount "55"]

1.e4 e5 2.Nf3 Nf6 3.Nxe5 d6 4.Nf3 Nxe4 5.Nc3 Nxc3 6.dxc3 Be7 7.Be3 Nc6 8.
Qd2 Be6 9.O-O-O Qd7 10.Kb1 a6 11.Bd3 Ne5 12.Nxe5 dxe5 13.Qe2 O-O-O 14.f3 
f5 15.Bf2 Qa4 16.b3 Qc6 17.Qe3 Bd6 18.Rhe1 Rhe8 19.Bh4 Rd7 20.Qa7 b5 21.a4
Bc5 22.axb5 axb5 23.Qa5 Rxd3 24.Rxd3 e4 25.fxe4 Kb7 26.exf5 Bxf5 27.Rxe8 
Qxe8 28.Rd8 1-0

[Event "23rd EUR-ch"]
[Site "Vrnjacka Banja SRB"]
[Date "2023.03.13"]
[Round "11.64"]
[White "Ohanian, Emin"]
[Black "Gines Esteo, Pedro Antonio"]
[Result "1-0"]
[WhiteElo "2405"]
[BlackElo "2500"]
[EventDate "2023.03.03"]
[PlyCount "97"]

1.d4 Nf6 2.c4 e6 3.Nf3 d5 4.Nc3 c5 5.e3 dxc4 6.Bxc4 a6 7.a4 Nc6 8.O-O cxd4
9.exd4 Be7 10.Re1 O-O 11.Bf4 Bd7 12.Rc1 Nb4 13.Ne5 Bc6 14.Nxc6 bxc6 15.Be5
Nd7 16.Bf4 Bg5 17.Bxg5 Qxg5 18.Ne4 Qe7 19.a5 Rfd8 20.Qa4 Rab8 21.Bf1 Nf6 
22.Nc5 Qa7 23.Rc4 Nfd5 24.Ra1 Rb5 25.Ra3 Qc7 26.Rc1 Qf4 27.Rd1 Rbb8 28.Rf3
Qg4 29.h3 Qh4 30.Nxa6 Nxa6 31.Bxa6 Rxb2 32.Bf1 e5 33.Qa3 e4 34.Qxb2 exf3 
35.g3 Qe7 36.a6 h5 37.Ra1 h4 38.a7 hxg3 39.a8=Q g2 40.Bc4 Nf4 41.Qbb8 
Nxh3+ 42.Kh2 Rxb8 43.Qxb8+ Kh7 44.Kxh3 Qd7+ 45.Kg3 Qxd4 46.Bxf7 Qxa1 47.
Qg8+ Kh6 48.Qh8+ Kg5 49.Qh4+ 1-0

[Event "23rd EUR-ch"]
[Site "Vrnjacka Banja SRB"]
[Date "2023.03.13"]
[Round "11.65"]
[White "Secheres, Adrian-Simion"]
[Black "Fernandez, Daniel Howard"]
[Result "0-1"]
[WhiteElo "2369"]
[BlackElo "2498"]
[EventDate "2023.03.03"]
[PlyCount "84"]

1.d4 d5 2.c4 e6 3.Nc3 c6 4.Nf3 dxc4 5.e4 b5 6.Be2 Bb7 7.O-O Nf6 8.b3 Bb4 
9.e5 Bxc3 10.exf6 gxf6 11.Rb1 c5 12.bxc4 b4 13.Be3 Be4 14.d5 Nd7 15.dxe6 
fxe6 16.Bd3 Bg6 17.Qc2 Kf7 18.Rbd1 Qc7 19.Bf4 e5 20.Be3 Rad8 21.Nh4 Nf8 
22.Bf5 Bd4 23.Qe4 Rg8 24.f4 Bxe3+ 25.Qxe3 exf4 26.Qf3 Ne6 27.Bxe6+ Kxe6 
28.Rd5 Kf7 29.Rfd1 Rxd5 30.Qxd5+ Kg7 31.Nxg6 hxg6 32.Qd7+ Qxd7 33.Rxd7+ 
Kh6 34.Rxa7 Re8 35.Rc7 Re5 36.Kf2 Kg5 37.Rc6 Kf5 38.g3 fxg3+ 39.hxg3 Kg4 
40.Rc7 g5 41.Rc6 Rf5+ 42.Kg2 Rf3 0-1

[Event "23rd EUR-ch"]
[Site "Vrnjacka Banja SRB"]
[Date "2023.03.13"]
[Round "11.66"]
[White "Blohberger, Felix"]
[Black "Manafov, Vugar"]
[Result "1-0"]
[WhiteElo "2493"]
[BlackElo "2349"]
[EventDate "2023.03.03"]
[PlyCount "85"]

1.d4 Nf6 2.c4 e6 3.Nf3 Bb4+ 4.Bd2 a5 5.a3 Be7 6.Nc3 d6 7.e4 Nbd7 8.e5 dxe5
9.dxe5 Ng4 10.Qe2 Nc5 11.Rd1 Bd7 12.h3 Nh6 13.Bxh6 gxh6 14.g3 c6 15.Bg2 
Qb6 16.O-O O-O-O 17.Qc2 Qb3 18.Qxb3 Nxb3 19.Nd2 Nd4 20.c5 Bxc5 21.Nde4 Nb3
22.Na4 Be7 23.Rd3 c5 24.Nb6+ Kc7 25.Rxb3 a4 26.Nxd7 axb3 27.Ndxc5 Bxc5 28.
Nxc5 Rd2 29.Rb1 Rhd8 30.Kf1 Kb6 31.Na4+ Ka5 32.Nc3 b5 33.Ke1 b4 34.axb4+ 
Kxb4 35.Be4 R2d7 36.Ke2 Ra7 37.Ke3 Ra5 38.f4 Ra7 39.Nd1 Rg8 40.g4 f5 41.
exf6 Rf7 42.Nf2 Rxf6 43.Nd3+ 1-0

[Event "23rd EUR-ch"]
[Site "Vrnjacka Banja SRB"]
[Date "2023.03.13"]
[Round "11.67"]
[White "Gharibian, Mamikon"]
[Black "Bazakutsa, Svyatoslav"]
[Result "1/2-1/2"]
[WhiteElo "2491"]
[BlackElo "2335"]
[EventDate "2023.03.03"]
[PlyCount "109"]

1.Nf3 Nf6 2.g3 g6 3.b3 Bg7 4.Bb2 O-O 5.Bg2 d6 6.d4 Nbd7 7.O-O Re8 8.c4 c6 
9.Nc3 e5 10.e4 a5 11.Qc2 exd4 12.Nxd4 Nc5 13.Rad1 Qb6 14.Ba3 Nfd7 15.Nde2 
Qc7 16.h3 Nb8 17.Qd2 Bf8 18.Bxc5 dxc5 19.f4 f6 20.g4 Bh6 21.Qe1 Nd7 22.h4 
g5 23.Ng3 gxf4 24.Nf5 Bf8 25.Qf2 Ne5 26.Qxf4 Kh8 27.Ne2 Be6 28.Neg3 a4 29.
Nh5 Bxf5 30.Qxf5 Bg7 31.Nxf6 Bxf6 32.Qxf6+ Qg7 33.g5 Qxf6 34.gxf6 axb3 35.
axb3 Rg8 36.Rd2 Rgf8 37.Rf5 Ng4 38.e5 Rae8 39.Bh3 Nxe5 40.Kf1 Nf7 41.Rf3 
Re4 42.Rf5 Rxh4 43.Bg2 Nh6 44.Rxc5 Rxf6+ 45.Rf2 Rhf4 46.Rxf4 Rxf4+ 47.Ke2 
Nf5 48.Ra5 Rg4 49.Kf3 Rg5 50.Kf2 h6 51.Ra8+ Rg8 52.Ra7 Rg7 53.Ra8+ Rg8 54.
Ra7 Rg7 55.Ra8+ 1/2-1/2